000
00282nam a2200109Ia 4500
008
230907s9999||||xx |||||||||||||| ||und||
082
_a
621.3
_b
011,NLI
100
_a
Li, Wenyuan,
_9
101901
245
0
_a
Risk assessment of power systems :
300
_a
xxii, 529 pages :
942
_c
BK
999
_c
598052
_d
598052